SISTEMA DE BIBLIOTECAS
Carmen Mendoza De Cornielle

Aida Cartagena Portalatín : selección poética (Registro nro. 16504)

Detalles MARC
000 -CABECERA
campo de control de longitud fija 02238cam a2200289 i 4500
001 - NÚMERO DE CONTROL
campo de control 16504
003 - IDENTIFICADOR DEL NÚMERO DE CONTROL
campo de control DO-SdUEMH
005 - FECHA Y HORA DE LA ÚLTIMA TRANSACCIÓN
campo de control 20260116213457.0
007 - CAMPO FIJO DE DESCRIPCIÓN FÍSICA--INFORMACIÓN GENERAL
campo de control de longitud fija ta
008 - DATOS DE LONGITUD FIJA--INFORMACIÓN GENERAL
campo de control de longitud fija 211105s2000 dr |||gr|||| 000 0 spa|d
020 ## - NÚMERO INTERNACIONAL ESTÁNDAR DEL LIBRO
Número Internacional Estándar del Libro 9993441015
040 ## - FUENTE DE LA CATALOGACIÓN
Centro catalogador/agencia de origen DO-SdUEMH
Lengua de catalogación spa
Normas de descripción rda
041 ## - CÓDIGO DE LENGUA
Código de lengua del texto/banda sonora o título independiente spa
082 14 - NÚMERO DE LA CLASIFICACIÓN DECIMAL DEWEY
Colección Colección Dominicana
Número de clasificación RD861.5 A288C 2000
Número de documento/Ítem A288c
084 ## - OTRO NÚMERO DE CLASIFICACIÓN
Item number 08-00818
100 ## - ENTRADA PRINCIPAL--NOMBRE DE PERSONA
Nombre de persona Morrison, Mateo
Término indicativo de función/relación autor
245 10 - MENCIÓN DE TÍTULO
Título Aida Cartagena Portalatín : selección poética
Mención de responsabilidad, etc. Mateo Morrison ; introducción: Gladys Gutiérrez, Ivan Brugal, Mateo Morrison ; prólogo: Ángela Hernández Núñez
260 ## - PUBLICACIÓN, DISTRIBUCIÓN, ETC.
Date of publication, distribution, etc. 2000
264 01 - PRODUCCIÓN, PUBLICACIÓN, DISTRIBUCIÓN, FABRICACIÓN Y COPYRIGHT
Lugar de producción, publicación, distribución, fabricación Santo Domingo :
Fecha de producción, publicación, distribución, fabricación o copyright 2000
300 ## - DESCRIPCIÓN FÍSICA
Extensión 165 paginas ;
Dimensiones 23 cm.
336 ## - TIPO DE CONTENIDO
Fuente rdacontent
Término de tipo de contenido texto
Código de tipo de contenido txt
337 ## - TIPO DE MEDIO
Fuente rdamedia
Nombre del tipo de medio sin mediación
Código del tipo de medio n
338 ## - TIPO DE SOPORTE
Fuente rdacarrier
Nombre del tipo de soporte volumen
Código del tipo de soporte nc
505 #1 - NOTA DE CONTENIDO CON FORMATO
Nota de contenido con formato Víspera del sueño. Desvelados sentidos -- Meditación -- Sed del dolor -- Tarde en el parque -- Sangre sin nombre -- Sueño de luna -- Llanto de llanto -- Poema de eternidad -- De la ausencia tuya -- Infancia en el recuerdo -- El viento en el amor -- El sol sobre el mundo -- Poema de tu olvido -- Verde la tierra -- Cauce hondo -- Poema de tu voz -- Viento entre las hojas -- Reencuentro del alma y mi vida -- El mar -- De la vida y de la muerte -- Fiesta del regreso -- Mi mundo el mar -- Una mujer está sola. Estación en la tierra -- Estación de la sangre -- Estación del canto -- Mi gozo y mi amargura -- Una mujer está sola -- Que se diga -- No llores mi rostro -- Palabra y expresión -- Rechazo de tu voz -- Soledad de la noche -- Ahora que aún vivo -- Henri Matisse -- Mensaje -- De entero cuerpo -- La voz desatada. Tal vez inútil súplica -- Dos mil años después -- En el sitio final -- Dejar caer mi miedo -- La casa -- Mensaje desatado -- Estremecido anhelo -- Poema sin nombre -- Preocupación por Dios y por los hombres -- Canto para el hombre nuevo -- Al niño valientemente caído en aras de la libertad -- Poema exacto -- Humilde letanía (una voz) -- La escritura. Elegías para las elegías -- Elegía primera -- Elegía segunda -- Elegía tercera -- Elegía cuarta -- Elegía quinta -- Elegía sexta -- Elegía séptima -- Elegía octava -- Elegía novena.
942 ## - ELEMENTOS DE PUNTO DE ACCESO ADICIONAL (KOHA)
Fuente del sistema de clasificación o colocación Dewey Decimal Classification
Tipo de ítem Koha Libro
Suprimir en OPAC No
Existencias
Estado de retiro Estado de pérdida Fuente del sistema de clasificación o colocación Estado dañado Disponibilidad para préstamo Código de colección Localización permanente Ubicación/localización actual Ubicación en estantería Fecha de adquisición Fuente de adquisición Total de préstamos Signatura topográfica completa Código de barras Fecha visto por última vez Número de copia Precio válido a partir de Tipo de ítem Koha
    Dewey Decimal Classification   Disponible para préstamo Colección Dominicana UNIREMHOS SEDE UNIREMHOS SEDE Colección Dominicana 11/05/2021 Donación   RD 0800818 11/05/2021 ej. 1 11/05/2021 Libro
UNIREMHOS

Av. Abraham Lincoln no. 126, casi esq. José Contreras,
Santo Domingo, República Dominicana

Correo: info@uniremhos.edu.do

Tel.: (809) 532-3739

Horario: Lunes a Viernes: 8:00 am - 6:00 pm | Sábados: 8:00 am - 12:00 m

📍 Ubicación
UNEFA

Av. 27 de Febrero no. 52, El Vergel,
Santo Domingo, República Dominicana

Tel.: (809) 530-0224

📍 Ubicación
UFHEC

Av. Máximo Gómez esq. César Nicolás Penson, La Esperilla,
Santo Domingo, República Dominicana

Tel.: (809) 537-6000

📍 Ubicación